Новый энциклопедический словарь

Détails bibliographiques
Résumé:Новый энциклопедический словарь - универсальное справочное издание, отражающее все сферы современного знания, включающее более 60 000 статей и около 2000 иллюстраций и карт. Материалы Словаря освещают проблемы истории и современного состояния человечества. Значительное внимание уделено вопросам литературы, искусства, религии, права, философии, социологии, экономики, этнологии, географии, техники, математики, физики, химии, геологии, биологии, медицины и спорта, людям, оставившим заметный след в истории человечества, а также новым научным дисциплинам, получившим развитие в конце XX - начале XXI вв.
Langue:russe
Publié: Москва, Большая Российская энциклопедия, 2005
Collection:Библиотека энциклопедических словарей
Sujets:
Format: Livre
KOHA link:https://koha.lib.tpu.ru/cgi-bin/koha/opac-detail.pl?biblionumber=83599

MARC

LEADER 00000nam0a2200000 4500
001 83599
005 20231031100237.0
010 |a 5852701947 
010 |a 5-7905-2336-6 
035 |a (RuTPU)RU\TPU\book\89891 
090 |a 83599 
100 |a 20051019d2005 km y0rusy50 ca 
101 0 |a rus 
102 |a RU 
105 |a a ef 001zy 
200 1 |a Новый энциклопедический словарь 
210 |a Москва  |c Большая Российская энциклопедия  |c РИПОЛ классик  |d 2005 
215 |a 1455 с.  |c ил 
225 1 |a Библиотека энциклопедических словарей 
320 |a Сокращения: с. 1448-1451 
320 |a Аббревиатуры: с. 1452-1455 
330 |a Новый энциклопедический словарь - универсальное справочное издание, отражающее все сферы современного знания, включающее более 60 000 статей и около 2000 иллюстраций и карт. Материалы Словаря освещают проблемы истории и современного состояния человечества. Значительное внимание уделено вопросам литературы, искусства, религии, права, философии, социологии, экономики, этнологии, географии, техники, математики, физики, химии, геологии, биологии, медицины и спорта, людям, оставившим заметный след в истории человечества, а также новым научным дисциплинам, получившим развитие в конце XX - начале XXI вв. 
610 1 |a термины 
610 1 |a определения 
610 1 |a справочные издания 
610 1 |a энциклопедические словари 
610 1 |a энциклопедии 
610 1 |a словари 
686 |a Я20  |v LBC/SL-A  |2 rubbk 
801 1 |a RU  |b 63413507  |c 20051019  |g PSBO 
801 2 |a RU  |b 63413507  |c 20120712  |g PSBO 
942 |c BK 
959 |a 84/20051019  |d 1  |e 643,50  |f ЧЗСИО:1